| 000 | 01267cam a22003133a 4500 | ||
|---|---|---|---|
| 001 | 25937 | ||
| 003 | PGUSA | ||
| 005 | 20140828083546.0 | ||
| 008 | 080630s2008||||xxu|||||s|||||000 p eng d | ||
| 040 |
_aPGUSA _beng |
||
| 042 | _adc | ||
| 050 | 4 | _aPN | |
| 050 | 4 | _aAC | |
| 100 | 1 |
_aLyall, Alfred Comyn, _cSir, _d1835-1911 |
|
| 245 | 1 | 0 |
_aStudies in Literature and History _h[electronic resource] / _cAlfred Comyn, Lyall |
| 260 |
_bProject Gutenberg, _c2008 |
||
| 505 | 0 | _aNovels of adventure and manners -- English letter-writing in the nineteenth century -- Thackeray -- The Anglo-Indian novelist -- Heroic poetry -- The works of Lord Byron -- The English utilitarians -- Characteristics of Mr. Swinburne's poetry -- Frontiers ancient and modern -- L'Empire liberal -- Sir Spencer Walpole -- Remarks on the reading of history -- Race and religion -- The state in its relation to Eastern and Western religions. | |
| 506 | _aPublic domain in the USA. | ||
| 516 | _aElectronic text | ||
| 653 | _aUtilitarianism | ||
| 653 | _aReligion | ||
| 653 | _aHistory | ||
| 653 | _aLiterature | ||
| 653 | _aEnglish literature | ||
| 700 | 1 | _aMiller, John O. | |
| 830 | 0 |
_aProject Gutenberg _v25937 |
|
| 856 | 4 | 0 | _uhttp://www.gutenberg.org/ebooks/25937 |
| 942 | _cEB | ||
| 999 |
_c255192 _d255192 |
||